000 00304nam a22001337a 4500
008 171018b xxu||||| |||| 00| 0 eng d
020 _ax0008454y1
041 _aeng
080 _23RD
_a338
100 _a53
101 _aMEN
245 _aDESIGNING AND MANAGING PROGRAMS
_cKETTNER,P.M
942 _2udc
_cBK
999 _c34611
_d34611